កូនបង្កួយតូច / (Record no. 1716)
[ view plain ]
| 000 -LEADER | |
|---|---|
| fixed length control field | 01800nam a22002897a 4500 |
| 001 - CONTROL NUMBER | |
| control field | 1716 |
| 003 - CONTROL NUMBER IDENTIFIER | |
| control field | FISKH |
| 005 - DATE AND TIME OF LATEST TRANSACTION | |
| control field | 20250904083039.0 |
| 008 - FIXED-LENGTH DATA ELEMENTS--GENERAL INFORMATION | |
| fixed length control field | 230919b cb ||||| |||| 00| 0 khr d |
| 020 ## - INTERNATIONAL STANDARD BOOK NUMBER | |
| International Standard Book Number | 9789924340355 |
| 040 ## - CATALOGING SOURCE | |
| Original cataloging agency | FISKH |
| Language of cataloging | eng |
| Transcribing agency | FISKH |
| Modifying agency | FISKH |
| 082 ## - DEWEY DECIMAL CLASSIFICATION NUMBER | |
| Classification number | 597.95 |
| 100 ## - MAIN ENTRY--PERSONAL NAME | |
| Personal name | Sreynouch, Sorn |
| 245 ## - TITLE STATEMENT | |
| Title | កូនបង្កួយតូច / |
| Statement of responsibility, etc. | និពន្ធ និងគូររូបដោយ សន ស្រីនុច |
| 250 ## - EDITION STATEMENT | |
| Edition statement | បោះពុម្ពលើកទី ៣ មេសា ២០២២ |
| 260 ## - PUBLICATION, DISTRIBUTION, ETC. | |
| Place of publication, distribution, etc. | Phnom Penh : |
| Name of publisher, distributor, etc. | Sipar, |
| Date of publication, distribution, etc. | 2022. |
| 300 ## - PHYSICAL DESCRIPTION | |
| Extent | 31 pages : |
| Other physical details | color illustrations ; |
| Dimensions | 23 × 28 cm |
| 505 ## - FORMATTED CONTENTS NOTE | |
| Formatted contents note | J<br/> |
| 520 ## - SUMMARY, ETC. | |
| Summary, etc. | កូនបង្កួយចង់ស្គាល់ពិភពលោកខាងក្រៅតែម្ដាយមិនឳ្យចេញពីផ្ទះទេ ព្រោះយល់ថា កូននៅតូចពេក។ ថ្ងៃមួយ ពេលម្ដាយមិននៅខ្យល់បកបណ្ដាលឳ្យទ្វាររបើកបន្តិច វាក៏បានលួចចេញទៅក្រៅដោយមិនឳ្យម្ដាយរបស់វាដឹងទេ។ |
| 520 ## - SUMMARY, ETC. | |
| Summary, etc. | The child wants to know the outside world, but the mother does not leave the house because she understands that the child is too young. One day, when the mother was not in the wind, the door opened a little, and she snuck out without her mother knowing. |
| 521 8# - TARGET AUDIENCE NOTE | |
| Target audience note | 500<br/> |
| Source | Lexile estimate<br/> |
| 521 8# - TARGET AUDIENCE NOTE | |
| Target audience note | J<br/> |
| Source | Raz-Plus<br/> |
| 650 ## - SUBJECT ADDED ENTRY--TOPICAL TERM | |
| Topical term or geographic name entry element | សត្វព្រៃ |
| Form subdivision | ពិភពខាងក្រៅ |
| General subdivision | បង្កួយ |
| Chronological subdivision | សត្វ |
| 651 ## - SUBJECT ADDED ENTRY--GEOGRAPHIC NAME | |
| Geographic name | Out side world |
| Form subdivision | Lizard |
| General subdivision | Animal |
| Chronological subdivision | Wild life |
| 700 ## - ADDED ENTRY--PERSONAL NAME | |
| Personal name | Sreynouch, Sorn |
| Relator term | illustrator |
| 942 ## - ADDED ENTRY ELEMENTS (KOHA) | |
| Source of classification or shelving scheme | Dewey Decimal Classification |
| Koha item type | Khmer Books |
| Suppress in OPAC | No |
| Withdrawn status | Lost status | Source of classification or shelving scheme | Damaged status | Not for loan | Collection | Home library | Current library | Shelving location | Date acquired | Total Checkouts | Full call number | Barcode | Date last seen | Date last checked out | Copy number | Price effective from | Koha item type |
|---|---|---|---|---|---|---|---|---|---|---|---|---|---|---|---|---|---|
| Dewey Decimal Classification | Khmer Language Books / សៀវភៅភាសាខ្មែរ | Footprints International School Library Network Toul Kork Campus | Footprints International School Library Network Toul Kork Campus | TK Campus, Room B402, Khmer Book Case 16, Shelves 112-123 / ទូរសៀវភៅខ្មែរលេខ ១៦ ធ្នើរ ១១២ ដល់ ១២៣ បន្ទប់ B402 សាខាទួលគោក | 09/19/2023 | SRE 597.95 | 2023-0662 | 09/19/2023 | 2 | 09/19/2023 | Khmer Books | ||||||
| Dewey Decimal Classification | Khmer Language Books / សៀវភៅភាសាខ្មែរ | Footprints International School Library Network Toul Tom Poung Campus | Footprints International School Library Network Toul Tom Poung Campus | TTP Primary Khmer Bookshelves | 09/19/2023 | 1 | SRE 597.95 | 2023-0661 | 12/04/2024 | 08/12/2024 | 1 | 09/19/2023 | Khmer Books |
